| 000 | 00768nam a2200265 i 4500 | ||
|---|---|---|---|
| 001 | bg | ||
| 100 | 1 | _aSzpak, Jan. | |
| 245 | 1 | 0 |
_aHistoria gospodarcza powszechna / _cJan Szpak. |
| 250 | _aWyd. 3 zm. | ||
| 260 |
_aWarszawa : _bPolskie Wydawnictwo Ekonomiczne, _c2007. |
||
| 300 |
_a528 s. : _bil. ; _c24 cm. |
||
| 504 | _aBibliogr. s. 520-521. Indeks. | ||
| 650 | 9 | _aHistoria gospodarcza | |
| 655 | _aPodręczniki akademickie | ||
| 015 | _aPB 18581/2007 | ||
| 020 | _a9788320816969 | ||
| 040 | _cBPK | ||
| 041 | _apol | ||
| 044 | _aPOL | ||
| 080 | _a338.1(091)(075.8) | ||
| 920 | _a978-83-208-1696-9 | ||
| 942 | _cKS | ||
| 008 | 070828s2007 pl a f |001 0 pol | ||
| 999 |
_c56046 _d56046 |
||
| 856 |
_uhttp://koha.tu.koszalin.pl/cgi-bin/koha/opac-detail.pl?biblionumber=56046 _yKatalog online BPK |
||